000 02105cam a2200289 4500500
005 20260405004722.0
041 _afre
042 _adc
100 1 0 _aGreiner, Dominique
_eauthor
245 0 0 _aL’autonomie de l’économie : regards de théologiens
260 _c2026.
500 _a28
520 _aL’économie est une activité spécifiquement humaine. Pourtant, elle tend à fonctionner de manière autonome, jusqu’à échapper au contrôle de l’homme, et même se retourner contre lui. Cette contribution examine la manière dont quelques théologiens se sont situés par rapport à la thèse de l’autonomisation de l’économie comme conséquence ou produit de la sécularisation. Elle s’intéresse notamment à l’interprétation que fait William Cavanaugh de la rupture apparente entre l’approche de l’économie par les pères conciliaires et le pape François qui dénonce avec force le caractère idolâtrique de l’économie moderne et de son moteur : le consumérisme.
520 _aEconomics is a specifically human activity. However, it tends to function autonomously, to the point of escaping human control and even turning against humanity. This essay explores how several theologians have responded to the thesis that the autonomy of economics is a consequence or product of secularisation. It focuses in particular on William Cavanaugh’s interpretation of the apparent rupture between the approach to economics taken by the Council Fathers and that of Pope Francis, who strongly denounces the idolatrous nature of the modern economy and its driving force: consumerism.
690 _aautonomie
690 _abesoins
690 _aconsommation
690 _aéconomie
690 _athéologie
690 _aautonomy
690 _aconsumption
690 _a needs
690 _aeconomy
690 _atheology
786 0 _nRevue d'éthique et de théologie morale | 332 | 2 | 2026-03-04 | p. 13-29 | 1266-0078
856 4 1 _uhttps://shs.cairn.info/revue-revue-d-ethique-et-de-theologie-morale-2026-2-page-13?lang=fr&redirect-ssocas=7080
999 _c2077846
_d2077846